<?xml version="1.0" encoding="UTF-8"?>
<marc:record xmlns:marc="http://www.loc.gov/MARC21/slim">
   <marc:leader>00000nam a2200000 a 4500</marc:leader>
   <marc:datafield ind1="1" ind2=" " tag="100">
      <marc:subfield code="a">Huber, Michaela</marc:subfield>
      <marc:subfield code="4">ctb</marc:subfield>
      <marc:subfield code="e">Mitwirkende/-r</marc:subfield>
   </marc:datafield>
   <marc:datafield ind1="1" ind2=" " tag="100">
      <marc:subfield code="a">Frei, Pauline C.</marc:subfield>
      <marc:subfield code="4">ctb</marc:subfield>
      <marc:subfield code="e">Mitwirkende/-r</marc:subfield>
   </marc:datafield>
   <marc:datafield ind1=" " ind2=" " tag="653">
      <marc:subfield code="a">Posttraumatisches Stresssyndrom</marc:subfield>
   </marc:datafield>
   <marc:datafield ind1=" " ind2=" " tag="653">
      <marc:subfield code="a">Psychotherapie</marc:subfield>
   </marc:datafield>
   <marc:datafield ind1=" " ind2=" " tag="653">
      <marc:subfield code="a">Multiple Persönlichkeit</marc:subfield>
   </marc:datafield>
   <marc:datafield ind1=" " ind2=" " tag="653">
      <marc:subfield code="a">Erlebnisbericht</marc:subfield>
   </marc:datafield>
   <marc:datafield ind1="0" ind2="0" tag="245">
      <marc:subfield code="a">Von der Dunkelheit zum Licht</marc:subfield>
   </marc:datafield>
   <marc:datafield ind1="0" ind2="0" tag="245">
      <marc:subfield code="b">Trauma, Krankheit und Todesnähe überwinden</marc:subfield>
   </marc:datafield>
   <marc:datafield ind1="0" ind2="0" tag="245">
      <marc:subfield code="c">Michaela Huber &amp; Pauline C. Frei</marc:subfield>
   </marc:datafield>
   <marc:datafield ind1=" " ind2="1" tag="264">
      <marc:subfield code="a">Paderborn</marc:subfield>
      <marc:subfield code="b">Junfermann</marc:subfield>
      <marc:subfield code="c">2009</marc:subfield>
   </marc:datafield>
   <marc:datafield ind1="1" ind2=" " tag="490">
      <marc:subfield code="a">Reihe Fachbuch Traumatherapie</marc:subfield>
   </marc:datafield>
   <marc:datafield ind1="1" ind2=" " tag="520">
      <marc:subfield code="a">Angaben aus der Verlagsmeldung

Von der Dunkelheit zum Licht : Trauma, Krankheit und Todesnähe überwinden / von Michaela Huber, Pauline C Frei

Dies ist das Buch von zwei Expertinnen: Die eine hat viel durchlitten und ist daraus als gereifte Frau hervorgegangen, die wunderbare Gedichte und anrührende Texte schreibt. Die andere ist Traumatherapeutin und trägt hier in diesem Buch einige ihrer Erkenntnisse und die ihrer Fachkolleg/inn/en zu mehreren Themen vor. Beide Bereiche des Buches stehen selbstständig nebeneinander.
Pauline C. Frei schreibt aus ihrer heutigen Perspektive einer integrierten Erwachsenen über die Zeit, als sie noch eine multiple Persönlichkeit war und über die Schwierigkeiten, aus der langjährigen Verstrickung in einen destruktiven Kult auszusteigen. Wer eine schwere Krankheit durchlitten hat, wird sicher interessiert sein zu lesen, wie Pauline Frei mit ihrer äußersten Gebrechlichkeit zu leben gelernt hat. Persönlichkeitsentwicklung ist – so lautet eine grundlegende Botschaft des Buches – keine Frage von Gesundheit oder Krankheit, sie kann vielmehr bis zum letzten Atemzug weitergehen.
Der von Michaela Huber geschriebene Teil behandelt das, was der Körper durchmacht, wenn er mit einer Posttraumatischen Belastungsstörung (PTBS) fertig werden muss, liefert eine Auseinandersetzung mit dem „Bösen“ in der Psychotherapie und beschäftigt sich mit den Grundhaltungen in der Arbeit mit traumatisierten Menschen.
</marc:subfield>
   </marc:datafield>
   <marc:datafield ind1=" " ind2=" " tag="020">
      <marc:subfield code="a">9783873876866</marc:subfield>
      <marc:subfield code="9">9783873876866</marc:subfield>
   </marc:datafield>
   <marc:datafield ind1=" " ind2=" " tag="041">
      <marc:subfield code="a">ger</marc:subfield>
   </marc:datafield>
   <marc:datafield ind1=" " ind2=" " tag="300">
      <marc:subfield code="a">302 S.</marc:subfield>
   </marc:datafield>
</marc:record>
